[Event "Festival Bozen"]
[Site "?"]
[Date "1996.??.??"]
[Round "?"]
[White "Widmann, Paul"]
[Black "Sulava, Nenad"]
[Result "0-1"]
[WhiteElo "1800"]
[BlackElo "2480"]
[PlyCount "92"]
[EventDate "1996.??.??"]
[Source "ChessBase"]
[SourceDate "1999.11.18"]

1. e4 c5 2. Nc3 e6 3. Nf3 a6 4. Be2 b5 5. d4 cxd4 6. Nxd4 Bb7 7. Bf3 Qc7 8. O-O
Nc6 9. Nxc6 dxc6 10. Qe2 Bd6 11. h3 Nf6 12. Re1 Bh2+ 13. Kh1 Be5 14. Be3 c5 15.
Bg5 Nd7 16. a3 h6 17. Bd2 O-O 18. Nd1 Bc6 19. Rb1 Qb7 20. g3 f5 21. Bg2 Nf6 22.
f4 Nxe4 23. Kh2 Nxd2 24. Qxd2 Rad8 25. Qe2 Bxg2 26. Qxg2 Qxg2+ 27. Kxg2 Rd2+
28. Kf3 Bf6 29. Rxe6 Rxc2 30. Ne3 Rxb2 31. Rxb2 Bxb2 32. Rxa6 Bd4 33. Rb6 Bxe3
34. Kxe3 Ra8 35. Rxb5 Rxa3+ 36. Kf2 Rc3 37. Rb7 Kh7 38. Rb6 g5 39. fxg5 hxg5
40. Rc6 Rc1 41. Kg2 c4 42. Rf6 g4 43. hxg4 fxg4 44. Rf4 Rc2+ 45. Kg1 c3 46.
Rxg4 Rd2 0-1

[Event "Festival Bozen"]
[Site "?"]
[Date "1996.??.??"]
[Round "?"]
[White "Pieri, Filippo"]
[Black "Astengo, Marcello"]
[Result "1-0"]
[WhiteElo "2215"]
[BlackElo "2095"]
[PlyCount "69"]
[EventDate "1996.??.??"]
[Source "ChessBase"]
[SourceDate "1999.11.18"]

1. e4 e6 2. d4 d5 3. Nc3 Bb4 4. exd5 exd5 5. Bd3 Nf6 6. Nge2 c6 7. a3 Bd6 8.
Bf4 Bg4 9. f3 Bh5 10. Qd2 Bg6 11. Bxg6 hxg6 12. O-O-O Be7 13. Qe3 Na6 14. Be5
Nc7 15. Nf4 b5 16. Rde1 Kf8 17. Re2 Ng8 18. Nxg6+ fxg6 19. Qf4+ Bf6 20. Bxc7
Qd7 21. Rhe1 g5 22. Qd6+ Qxd6 23. Bxd6+ Kf7 24. Be5 Re8 25. h3 Nh6 26. Nd1 Nf5
27. c3 Bxe5 28. Rxe5 Nh4 29. Rxe8 Rxe8 30. Rxe8 Kxe8 31. Ne3 Kf7 32. Kd2 Kg6
33. Ke2 Kh5 34. g3 Ng6 35. Nf5 1-0

[Event "Festival Bozen"]
[Site "?"]
[Date "1996.??.??"]
[Round "?"]
[White "Stoll, Thomas"]
[Black "Nurkic, Szabasz"]
[Result "0-1"]
[WhiteElo "2215"]
[BlackElo "2365"]
[PlyCount "93"]
[EventDate "1996.??.??"]
[Source "ChessBase"]
[SourceDate "1999.11.18"]

1. e4 g6 2. d4 Bg7 3. Nc3 c6 4. Bc4 d5 5. exd5 b5 6. Bb3 b4 7. Nce2 cxd5 8. a3
bxa3 9. Rxa3 Nf6 10. Nf3 O-O 11. O-O Nc6 12. Ne5 Bb7 13. Nd3 Na5 14. Nc5 Bc6
15. Ba4 Bxa4 16. Rxa4 Nc4 17. b3 Nb6 18. Ra2 Nbd7 19. Na6 Qb6 20. Qd3 e5 21.
dxe5 Nxe5 22. Qd4 Rfe8 23. Be3 Neg4 24. c4 Nxe3 25. fxe3 Qxb3 26. Nc1 Qxe3+ 27.
Qxe3 Rxe3 28. Nc7 Rc8 29. Nxd5 Nxd5 30. cxd5 Rec3 31. Ne2 Rc2 32. Rxc2 Rxc2 33.
Nf4 Rd2 34. Rc1 Bd4+ 35. Kh1 Be3 36. g3 Bxf4 37. gxf4 Rxd5 38. Rc4 Kg7 39. Kg2
Kf6 40. Kg3 Rd3+ 41. Kg2 Ra3 42. Rc6+ Kf5 43. Rc7 f6 44. Rxh7 Kxf4 45. Rh4+ Kf5
46. Rc4 g5 47. h3 0-1

[Event "Festival Bozen"]
[Site "?"]
[Date "1996.??.??"]
[Round "?"]
[White "Oberrauch, Martin"]
[Black "Ruzzier, Dario"]
[Result "1/2-1/2"]
[WhiteElo "2170"]
[BlackElo "2185"]
[PlyCount "33"]
[EventDate "1996.??.??"]
[Source "ChessBase"]
[SourceDate "1999.11.18"]

1. g3 d5 2. Bg2 Nf6 3. d3 Bf5 4. Nd2 e5 5. Ngf3 Nbd7 6. O-O Bc5 7. c4 c6 8. a3
O-O 9. b3 h6 10. Bb2 e4 11. dxe4 dxe4 12. Nd4 Bg6 13. b4 Bb6 14. e3 Qe7 15. c5
Bc7 16. Qc2 Rae8 17. Rac1 1/2-1/2

[Event "Festival Bozen"]
[Site "?"]
[Date "1996.??.??"]
[Round "?"]
[White "Schreiber, Edwin"]
[Black "Moroder, Thomas"]
[Result "0-1"]
[WhiteElo "1930"]
[BlackElo "2070"]
[PlyCount "104"]
[EventDate "1996.??.??"]
[Source "ChessBase"]
[SourceDate "1999.11.18"]

1. e4 c5 2. Nf3 d6 3. d4 cxd4 4. Nxd4 Nf6 5. Nc3 a6 6. Bc4 e6 7. Bb3 b5 8. O-O
Be7 9. a3 O-O 10. f4 Qb6 11. Kh1 Nc6 12. Be3 Qb7 13. f5 Nxd4 14. Qxd4 Ng4 15.
fxe6 fxe6 16. Rxf8+ Bxf8 17. Nd5 Qf7 18. Kg1 Bb7 19. Nf4 d5 20. exd5 e5 21. d6
Qxb3 22. cxb3 exd4 23. Bxd4 Bxd6 24. g3 Bxf4 25. gxf4 Rd8 26. Bc3 Ne3 27. Re1
Rd1 28. Kf2 Rxe1 29. Kxe1 Ng2+ 30. Kf2 Nxf4 31. Ke3 Nd5+ 32. Kd4 g5 33. Bd2 h6
34. Ke5 Kg7 35. Kf5 Nf4 36. h4 Bc8+ 37. Ke4 Ne6 38. hxg5 hxg5 39. Kf5 Nd4+ 40.
Ke4 Ne6 41. Kd5 Kf6 42. a4 g4 43. axb5 Nc7+ 44. Ke4 Nxb5 45. Kf4 Kg6 46. Be3
Kh5 47. Bf2 Nc7 48. Ke5 Kg5 49. Bg3 Ne8 50. b4 Bd7 51. Bf2 Bb5 52. Ke6 Kf4 0-1

[Event "Festival Bozen"]
[Site "?"]
[Date "1996.??.??"]
[Round "?"]
[White "Luciani, Valerio"]
[Black "Di Lazzaro, Gabriele"]
[Result "1-0"]
[WhiteElo "2155"]
[BlackElo "2100"]
[PlyCount "65"]
[EventDate "1996.??.??"]
[Source "ChessBase"]
[SourceDate "1999.11.18"]

1. c4 b6 2. e4 Bb7 3. Nc3 e6 4. g3 f5 5. d3 Bb4 6. Bd2 Nf6 7. Bg2 O-O 8. Nge2
fxe4 9. dxe4 Ng4 10. O-O Bc5 11. Be1 Ne5 12. b3 Nbc6 13. h3 Qf6 14. Kh2 Qh6 15.
Na4 Bd6 16. Bd2 Qh5 17. f4 Ng4+ 18. Kg1 Bc5+ 19. Nxc5 Qxc5+ 20. Kh1 Nf2+ 21.
Rxf2 Qxf2 22. Bc3 a5 23. Kh2 Rad8 24. Nd4 Nb4 25. Qg4 Bxe4 26. Rg1 e5 27. fxe5
Bxg2 28. Rxg2 Qf7 29. e6 dxe6 30. Nxe6 Rd7 31. Nxg7 Rd3 32. Nf5+ Qg6 33. Nh6#
1-0

[Event "Festival Bozen"]
[Site "?"]
[Date "1996.??.??"]
[Round "?"]
[White "De Eccher, Stefano"]
[Black "Nurkic, Szabasz"]
[Result "1/2-1/2"]
[WhiteElo "2280"]
[BlackElo "2365"]
[PlyCount "101"]
[EventDate "1996.??.??"]
[Source "ChessBase"]
[SourceDate "1999.11.18"]

1. e4 g6 2. c4 Bg7 3. Nc3 c5 4. g3 Nc6 5. Bg2 d6 6. d3 e5 7. Nge2 Nge7 8. O-O
O-O 9. Rb1 Rb8 10. a3 a6 11. b4 cxb4 12. axb4 b5 13. cxb5 axb5 14. Bg5 Be6 15.
Nd5 f6 16. Be3 Bf7 17. d4 Nxd5 18. exd5 Ne7 19. dxe5 fxe5 20. f4 Nf5 21. Bf2
Re8 22. Qd3 Rb7 23. fxe5 Bxe5 24. Nd4 Nxd4 25. Bxd4 Qg5 26. Rbe1 Bxd4+ 27. Qxd4
Rbe7 28. Rxe7 Qxe7 29. Qf6 Qxf6 30. Rxf6 Rd8 31. Bf1 Kg7 32. Rf2 Rb8 33. h4 Rb6
34. Rd2 Kf6 35. Rf2+ Ke7 36. Re2+ Kd8 37. Bg2 Ra6 38. Rf2 Ke7 39. Re2+ Kf8 40.
Rc2 Ra4 41. Rc6 Rxb4 42. Rxd6 Rb1+ 43. Kf2 Rb2+ 44. Kf1 Rd2 45. Rd7 h6 46. d6
b4 47. Rd8+ Kg7 48. d7 Be6 49. Rb8 Rxd7 50. Rxb4 Rf7+ 51. Rf4 1/2-1/2

[Event "Festival Bozen"]
[Site "?"]
[Date "1996.??.??"]
[Round "?"]
[White "Ruzzier, Dario"]
[Black "Stoll, Thomas"]
[Result "0-1"]
[WhiteElo "2185"]
[BlackElo "2085"]
[PlyCount "69"]
[EventDate "1996.??.??"]
[Source "ChessBase"]
[SourceDate "1999.11.18"]

1. d4 g6 2. c4 Bg7 3. Nc3 d6 4. e4 Nc6 5. Be3 e5 6. d5 Nce7 7. g4 f5 8. f3 Nf6
9. h3 O-O 10. Qd2 c5 11. dxc6 bxc6 12. O-O-O fxe4 13. fxe4 Be6 14. Qxd6 Qxd6
15. Rxd6 Nxe4 16. Rxe6 Rxf1+ 17. Kc2 Nxc3 18. Kxc3 Kf7 19. Rd6 Rb8 20. Kc2 Rb4
21. b3 Ra1 22. Kb2 e4+ 23. Bd4 Rd1 24. Kc3 Nd5+ 25. Rxd5 cxd5 26. Bxg7 a5 27.
Kc2 Rf1 28. Bc3 Rb7 29. Bd4 dxc4 30. Rh2 cxb3+ 31. axb3 Rc7+ 32. Kd2 Rb1 33.
Rf2+ Ke8 34. Ke3 Rxg1 35. Kxe4 0-1

[Event "Festival Bozen"]
[Site "?"]
[Date "1996.??.??"]
[Round "?"]
[White "Dallaglio, Giovanni"]
[Black "Hitzgerova, Gabriela"]
[Result "1-0"]
[WhiteElo "2155"]
[BlackElo "2105"]
[PlyCount "79"]
[EventDate "1996.??.??"]
[Source "ChessBase"]
[SourceDate "1999.11.18"]

1. d4 Nf6 2. c4 g6 3. Nc3 Bg7 4. e4 d6 5. Nf3 O-O 6. Be2 e5 7. O-O Nc6 8. d5
Ne7 9. Ne1 Ne8 10. Be3 f5 11. f3 f4 12. Bf2 g5 13. a4 Nf6 14. a5 h5 15. c5 Bd7
16. Nd3 Bh6 17. a6 b6 18. cxd6 cxd6 19. Nb4 Qe8 20. Nc6 Nxc6 21. dxc6 Bxc6 22.
Bc4+ Kh8 23. Qxd6 Rc8 24. Qb4 Qg6 25. Kh1 Rfe8 26. Bb5 Bf8 27. Qa4 Re6 28. Rad1
g4 29. Bxc6 Rexc6 30. Rd8 Rxd8 31. Qxc6 Qg5 32. Rd1 Re8 33. Nd5 Rd8 34. Re1
Nxd5 35. exd5 Rd6 36. Qe8 Kg8 37. Rxe5 Qg7 38. Bd4 gxf3 39. gxf3 Qf7 40. Rg5+
1-0

[Event "Festival Bozen"]
[Site "?"]
[Date "1996.??.??"]
[Round "?"]
[White "Dinser, Hans"]
[Black "Rigo, Gianfrancesco"]
[Result "1/2-1/2"]
[WhiteElo "1910"]
[BlackElo "2060"]
[PlyCount "121"]
[EventDate "1996.??.??"]
[Source "ChessBase"]
[SourceDate "1999.11.18"]

1. d4 Nf6 2. c4 g6 3. Nc3 Bg7 4. e4 d6 5. Nge2 O-O 6. Ng3 Nc6 7. Be2 e5 8. d5
Nd4 9. Be3 Nd7 10. Qd2 a5 11. O-O f5 12. exf5 gxf5 13. Bg5 Bf6 14. Bh6 Rf7 15.
Bh5 Re7 16. Nb5 Nxb5 17. cxb5 Nc5 18. Qc2 e4 19. Ne2 Re5 20. Nf4 Bg5 21. Bxg5
Qxg5 22. g3 Bd7 23. Be2 Rae8 24. a4 R8e7 25. Rad1 Rg7 26. Kh1 Be8 27. b6 cxb6
28. Ne6 Nxe6 29. dxe6 Bc6 30. Rxd6 e3+ 31. f3 f4 32. Rfd1 Kf8 33. Rxc6 bxc6 34.
Qxc6 Re7 35. Rd8+ Kg7 36. Rd7 Qf6 37. Qc3 R5xe6 38. Rd4 Rc6 39. Qd3 Qg6 40. Qb5
Rc8 41. Kg2 Rc2 42. Rxf4 Qh6 43. Rh4 Qf6 44. Rf4 Qe5 45. Rg4+ Kh6 46. Qd3 Rxe2+
47. Qxe2 Rd7 48. Kh3 Rd4 49. f4 Qe6 50. Qf3 Rd5 51. Qe2 Rh5+ 52. Kg2 Qe4+ 53.
Kg1 Rd5 54. Rh4+ Kg7 55. Qg4+ Qg6 56. Kf1 Rd2 57. Ke1 Kf6 58. Qg5+ Qxg5 59.
fxg5+ Kxg5 60. Rxh7 Rxb2 61. h3 1/2-1/2

[Event "Festival Bozen"]
[Site "?"]
[Date "1996.??.??"]
[Round "?"]
[White "Astengo, Marcello"]
[Black "Schreiber, Edwin"]
[Result "1-0"]
[WhiteElo "2095"]
[BlackElo "1930"]
[PlyCount "87"]
[EventDate "1996.??.??"]
[Source "ChessBase"]
[SourceDate "1999.11.18"]

1. d4 c5 2. d5 d6 3. c4 Nf6 4. Nc3 e5 5. e4 Be7 6. Be2 O-O 7. Be3 Qa5 8. Bd2 a6
9. Qc2 Nbd7 10. g4 h6 11. h4 Nh7 12. Bd3 Qd8 13. Nf3 f6 14. O-O-O g5 15. Be2
Rf7 16. Rdg1 Ndf8 17. Nd1 b5 18. Ne3 Ng6 19. Nf5 Bxf5 20. gxf5 Nf4 21. Bxf4
exf4 22. hxg5 hxg5 23. Nh4 Nf8 24. Qc3 Rg7 25. Qh3 Rh7 26. Qg4 Qe8 27. Qxf4
bxc4 28. Qg3 Qf7 29. Bxc4 Qg7 30. Ng2 Rxh1 31. Rxh1 Nd7 32. Ne3 Ne5 33. Be2 a5
34. Rg1 Nf7 35. f4 Kf8 36. Nc4 Ke8 37. fxg5 fxg5 38. Bh5 Qf6 39. Rh1 Kd7 40.
Bxf7 Qxf7 41. Nb6+ Kc7 42. Nxa8+ Kb7 43. Rh8 Qf6 44. Qb3+ 1-0

[Event "Festival Bozen"]
[Site "?"]
[Date "1996.??.??"]
[Round "?"]
[White "Sulava, Nenad"]
[Black "Moroder, Thomas"]
[Result "1-0"]
[WhiteElo "2480"]
[BlackElo "2070"]
[PlyCount "73"]
[EventDate "1996.??.??"]
[Source "ChessBase"]
[SourceDate "1999.11.18"]

1. d4 Nf6 2. c4 g6 3. Nc3 Bg7 4. e4 d6 5. Nf3 O-O 6. Be2 e5 7. O-O Nc6 8. d5
Ne7 9. Ne1 Nd7 10. Be3 f5 11. f3 f4 12. Bf2 g5 13. a4 Ng6 14. a5 Rf7 15. c5
Nxc5 16. Bxc5 dxc5 17. Bc4 Kh8 18. a6 b6 19. d6 Rd7 20. Qd5 Bxa6 21. dxc7 Qe8
22. Bxa6 Rxd5 23. Nxd5 Qc6 24. b4 cxb4 25. Nd3 Bf8 26. Rfc1 Bc5+ 27. Kh1 g4 28.
fxg4 b3 29. Rab1 Qa4 30. Bc4 Qd7 31. Nxc5 Qxg4 32. Rxb3 Nh4 33. Bf1 Rg8 34. Nf6
Qg5 35. Nxg8 f3 36. Rc2 fxg2+ 37. Rxg2 1-0

[Event "Festival Bozen"]
[Site "?"]
[Date "1996.??.??"]
[Round "?"]
[White "Nurkic, Szabasz"]
[Black "Widmann, Paul"]
[Result "1-0"]
[WhiteElo "2365"]
[BlackElo "1800"]
[PlyCount "91"]
[EventDate "1996.??.??"]
[Source "ChessBase"]
[SourceDate "1999.11.18"]

1. e4 e5 2. Nf3 Nc6 3. Bb5 a6 4. Ba4 Nf6 5. O-O Be7 6. Bxc6 dxc6 7. d3 Qd6 8.
Nbd2 b5 9. a4 O-O 10. b3 Be6 11. Ba3 b4 12. Bb2 Nd7 13. Qe2 Rfd8 14. Rad1 c5
15. Kh1 Bf6 16. Nc4 Bxc4 17. dxc4 Qe7 18. Qe3 a5 19. Rd5 Ra6 20. Qc1 Re6 21.
Qa1 c6 22. Rd3 Re8 23. Rfd1 Nf8 24. g3 Qc7 25. Kg2 h6 26. h4 R6e7 27. R1d2 Re6
28. Nh2 h5 29. Nf3 Qe7 30. Rd1 Qc7 31. R1d2 Qe7 32. Qe1 Qc7 33. Qe3 Be7 34. Ng5
Rg6 35. Nf3 Re6 36. Qe2 f6 37. Nh2 g6 38. g4 hxg4 39. Nxg4 Rd8 40. Rg3 Red6 41.
Rxd6 Qxd6 42. Nh6+ Kh7 43. Nf5 Qe6 44. Bc1 Kg8 45. Qh5 Kf7 46. Rxg6 1-0

[Event "Festival Bozen"]
[Site "?"]
[Date "1996.??.??"]
[Round "?"]
[White "Luciani, Valerio"]
[Black "Schreiber, Edwin"]
[Result "1-0"]
[WhiteElo "2155"]
[BlackElo "1930"]
[PlyCount "103"]
[EventDate "1996.??.??"]
[Source "ChessBase"]
[SourceDate "1999.11.18"]

1. e4 c5 2. Nc3 Nc6 3. g3 e5 4. Bg2 Nf6 5. Nge2 Be7 6. O-O O-O 7. d3 h6 8. f4
d6 9. h3 Nd4 10. Nxd4 cxd4 11. Ne2 b5 12. c3 dxc3 13. bxc3 Bb7 14. Be3 a6 15.
Qd2 Qa5 16. Rfb1 Rab8 17. a4 Qc7 18. axb5 axb5 19. Rxb5 Bc6 20. Rxb8 Rxb8 21.
Ra7 Rb7 22. Rxb7 Qxb7 23. c4 Nd7 24. Nc3 f6 25. d4 Qb3 26. Nd5 Bxd5 27. cxd5
Bd8 28. dxe5 fxe5 29. Kh2 Bb6 30. Bxb6 Nxb6 31. Qe2 Nc4 32. Qf3 Qxf3 33. Bxf3
Kf7 34. Kg2 Kf6 35. Kf2 g5 36. fxg5+ hxg5 37. h4 gxh4 38. gxh4 Nb6 39. Be2 Nd7
40. Bg4 Nf8 41. Bf5 Kg7 42. Kg3 Kh6 43. Kg4 Kg7 44. Kg5 Kf7 45. h5 Kg7 46. h6+
Kf7 47. h7 Kg7 48. h8=Q+ Kxh8 49. Kf6 Kg8 50. Ke7 Kg7 51. Kxd6 Kf6 52. Kc7 1-0

[Event "Festival Bozen"]
[Site "?"]
[Date "1996.??.??"]
[Round "?"]
[White "Sulava, Nenad"]
[Black "De Eccher, Stefano"]
[Result "1-0"]
[WhiteElo "2480"]
[BlackElo "2280"]
[PlyCount "35"]
[EventDate "1996.??.??"]
[Source "ChessBase"]
[SourceDate "1999.11.18"]

1. d4 f5 2. g3 Nf6 3. Bg2 g6 4. Nd2 d5 5. Nh3 Bg7 6. O-O O-O 7. Nf3 c6 8. Nf4
Qe8 9. c4 h6 10. Ne5 g5 11. Nfg6 Ng4 12. Nxf8 Nxe5 13. dxe5 dxc4 14. Ng6 Be6
15. h4 Qxg6 16. Qd8+ Kf7 17. hxg5 hxg5 18. f4 1-0

[Event "Festival Bozen"]
[Site "?"]
[Date "1996.??.??"]
[Round "?"]
[White "Dallaglio, Giovanni"]
[Black "Rigo, Gianfrancesco"]
[Result "0-1"]
[WhiteElo "2105"]
[BlackElo "2060"]
[PlyCount "72"]
[EventDate "1996.??.??"]
[Source "ChessBase"]
[SourceDate "1999.11.18"]

1. d4 Nf6 2. Nf3 g6 3. c4 Bg7 4. Nc3 O-O 5. e4 d6 6. Be2 Nbd7 7. O-O e5 8. Qc2
c6 9. Rd1 Qc7 10. Rb1 Re8 11. dxe5 dxe5 12. b4 a5 13. a3 Nf8 14. h3 Ne6 15. Be3
axb4 16. axb4 Nf4 17. Bf1 Be6 18. Ng5 Nd7 19. b5 Nf8 20. g3 h6 21. Nxe6 N4xe6
22. b6 Qe7 23. Ne2 Red8 24. Rxd8 Rxd8 25. Rd1 Nd4 26. Nxd4 exd4 27. Bf4 Ne6 28.
Bc7 Nxc7 29. bxc7 Qxc7 30. c5 Ra8 31. f4 Ra3 32. e5 Rxg3+ 33. Kh2 Rc3 34. Qe4
Rxc5 35. Rxd4 Rxe5 36. fxe5 Qxe5+ 0-1

[Event "Festival Bozen"]
[Site "?"]
[Date "1996.??.??"]
[Round "?"]
[White "Pieri, Filippo"]
[Black "Dinser, Hans"]
[Result "1-0"]
[WhiteElo "2190"]
[BlackElo "1910"]
[PlyCount "70"]
[EventDate "1996.??.??"]
[Source "ChessBase"]
[SourceDate "1999.11.18"]

1. e4 c5 2. Nf3 d6 3. d4 cxd4 4. Nxd4 Nf6 5. Nc3 g6 6. Be3 Bg7 7. f3 O-O 8. Qd2
Nc6 9. Bc4 Bd7 10. O-O-O Ne5 11. Bb3 Rc8 12. h4 h5 13. g4 Nc4 14. Bxc4 Rxc4 15.
e5 dxe5 16. Nb3 Rc6 17. g5 Rd6 18. gxf6 Rxd2 19. Rxd2 Bxf6 20. Nc5 Qb6 21. Nd5
Qa5 22. Nxf6+ exf6 23. Rxd7 Rc8 24. Nb3 Qxa2 25. Rxb7 Kg7 26. Rd1 a5 27. Rdd7
g5 28. Rxf7+ Kg6 29. hxg5 Rc6 30. Rg7+ Kf5 31. gxf6 Kxf6 32. Bg5+ Ke6 33. Rg6+
Kf5 34. Rxc6 Kxg5 35. Rc4 a4 1-0

[Event "Festival Bozen"]
[Site "?"]
[Date "1996.??.??"]
[Round "?"]
[White "Moroder, Thomas"]
[Black "Mrdja, Milan"]
[Result "1/2-1/2"]
[WhiteElo "2070"]
[BlackElo "2450"]
[PlyCount "76"]
[EventDate "1996.??.??"]
[Source "ChessBase"]
[SourceDate "1999.11.18"]

1. e4 c5 2. Nf3 e6 3. c4 Nc6 4. Nc3 Nf6 5. d4 cxd4 6. Nxd4 Bb4 7. Nxc6 bxc6 8.
Bd3 e5 9. O-O O-O 10. Be3 d6 11. Qa4 Bxc3 12. bxc3 Qc7 13. f3 Be6 14. c5 d5 15.
Bg5 Nd7 16. Be7 Nb6 17. cxb6 axb6 18. Qb4 c5 19. Qb1 Qxe7 20. exd5 Bxd5 21.
Bxh7+ Kh8 22. Be4 Bxe4 23. fxe4 Qe6 24. Qb3 c4 25. Qd1 g6 26. Qf3 Kg7 27. Rf2
Rad8 28. Rd1 Rxd1+ 29. Qxd1 Qc6 30. Qf3 f6 31. g4 b5 32. Kg2 Rf7 33. h4 Qe6 34.
Rb2 Qc6 35. Rf2 Qd7 36. Qg3 Qc6 37. Qf3 Rd7 38. g5 Rd6 1/2-1/2

[Event "Festival Bozen"]
[Site "?"]
[Date "1996.??.??"]
[Round "?"]
[White "Astengo, Marcello"]
[Black "Ruzzier, Dario"]
[Result "0-1"]
[WhiteElo "2095"]
[BlackElo "2185"]
[PlyCount "61"]
[EventDate "1996.??.??"]
[Source "ChessBase"]
[SourceDate "1999.11.18"]

1. d4 d5 2. Nf3 Nf6 3. Bf4 c5 4. e3 Qb6 5. Qc1 Nc6 6. Nbd2 cxd4 7. exd4 Nxd4 8.
Bd3 e6 9. Ne5 Bc5 10. O-O O-O 11. c3 Nf5 12. Qc2 Nh5 13. Bg5 f6 14. Ndf3 fxg5
15. g4 Nf4 16. Nxg5 Nxd3 17. Qxd3 g6 18. gxf5 Rxf5 19. Ngf3 Qc7 20. Rae1 Bd6
21. Ng4 Qg7 22. Nd4 Rg5 23. h3 e5 24. Qf3 Bxg4 25. hxg4 exd4 26. Re6 Rf8 27.
Qg2 Bc7 28. Rfe1 Bb6 29. Qh3 h5 30. Re7 Qf6 31. Qh2 0-1

[Event "Festival Bozen"]
[Site "?"]
[Date "1996.??.??"]
[Round "?"]
[White "Hitzgerova, Gabriela"]
[Black "Di Lazzaro, Gabriele"]
[Result "0-1"]
[WhiteElo "2115"]
[BlackElo "2100"]
[PlyCount "112"]
[EventDate "1996.??.??"]
[Source "ChessBase"]
[SourceDate "1999.11.18"]

1. e4 g6 2. d4 Bg7 3. Nf3 d6 4. Nc3 c6 5. Bc4 Nf6 6. O-O O-O 7. h3 b5 8. Bd3
Qc7 9. Bf4 Nbd7 10. Qd2 Bb7 11. Bh6 a6 12. Bxg7 Kxg7 13. Ne2 c5 14. Ng3 c4 15.
Be2 Nxe4 16. Nxe4 Bxe4 17. Ng5 Bb7 18. f4 h6 19. Nf3 Nf6 20. Nh4 Ne4 21. Qe3 e6
22. Bf3 Nf6 23. g4 Bxf3 24. Rxf3 Nd5 25. Qe4 Qe7 26. Ng2 Nf6 27. Qe3 Rfe8 28.
Re1 Nd7 29. Qf2 Qd8 30. Rfe3 Nf6 31. g5 Nd5 32. gxh6+ Kxh6 33. Re4 Rh8 34. Qg3
Kg7 35. Rf1 Nf6 36. Re3 Rh5 37. Qf3 d5 38. Re5 Qb6 39. c3 Rah8 40. h4 Ne4 41.
Rxh5 Rxh5 42. Qg4 Nd6 43. Ne3 Qd8 44. Ng2 Nf5 45. Rf3 a5 46. Kh2 Qb6 47. Rf2 b4
48. Qh3 Qd8 49. Qg4 Nxh4 50. Kg1 Nxg2 51. Rxg2 Qh4 52. Qxh4 Rxh4 53. Rf2 bxc3
54. bxc3 Rh3 55. Rc2 Kf6 56. Kg2 Rd3 0-1

[Event "Festival Bozen"]
[Site "?"]
[Date "1996.??.??"]
[Round "?"]
[White "Schreiber, Edwin"]
[Black "Hitzgerova, Gabriela"]
[Result "0-1"]
[WhiteElo "1930"]
[BlackElo "2155"]
[PlyCount "46"]
[EventDate "1996.??.??"]
[Source "ChessBase"]
[SourceDate "1999.11.18"]

1. e4 c5 2. Nf3 d6 3. d4 cxd4 4. Nxd4 Nf6 5. Nc3 a6 6. Bg5 e6 7. f4 Be7 8. Qf3
Qc7 9. O-O-O Nbd7 10. g4 b5 11. Bxf6 Bxf6 12. g5 Be7 13. a3 Rb8 14. f5 Nc5 15.
f6 gxf6 16. gxf6 Bf8 17. Rg1 b4 18. axb4 Rxb4 19. Qh5 Qa5 20. Kb1 Rxb2+ 21.
Kxb2 Na4+ 22. Nxa4 Qxh5 23. Nb6 Bb7 0-1

[Event "Festival Bozen"]
[Site "?"]
[Date "1996.??.??"]
[Round "?"]
[White "Nurkic, Szabasz"]
[Black "Moroder, Thomas"]
[Result "1-0"]
[WhiteElo "2365"]
[BlackElo "2070"]
[PlyCount "45"]
[EventDate "1996.??.??"]
[Source "ChessBase"]
[SourceDate "1999.11.18"]

1. e4 c5 2. c3 Nf6 3. e5 Nd5 4. d4 cxd4 5. Nf3 Nc6 6. Bc4 Nb6 7. Bb3 e6 8. cxd4
d6 9. O-O dxe5 10. dxe5 Qc7 11. Qe2 Be7 12. Nc3 a6 13. Bf4 Nd7 14. Rac1 Nc5 15.
Bc2 Bd7 16. a3 b5 17. b4 Nb7 18. Rfd1 f5 19. exf6 Qxf4 20. fxe7 Nxe7 21. Be4
Rb8 22. Qd3 Kf7 23. Ne2 1-0

[Event "Festival Bozen"]
[Site "?"]
[Date "1996.??.??"]
[Round "?"]
[White "Sulava, Nenad"]
[Black "Pieri, Filippo"]
[Result "1/2-1/2"]
[WhiteElo "2480"]
[BlackElo "2215"]
[PlyCount "45"]
[EventDate "1996.??.??"]
[Source "ChessBase"]
[SourceDate "1999.11.18"]

1. Nf3 c5 2. c4 Nf6 3. g3 Nc6 4. Nc3 g6 5. b3 Bg7 6. Bb2 O-O 7. Bg2 d6 8. d4
cxd4 9. Nxd4 Nxd4 10. Qxd4 Qa5 11. O-O Be6 12. Rac1 Nd5 13. Qd2 Nxc3 14. Bxc3
Bxc3 15. Rxc3 Rab8 16. Rfc1 Rfc8 17. Qb2 Rc7 18. b4 Qe5 19. f4 Qf6 20. Qd2 Rbc8
21. c5 Bd7 22. Kf2 dxc5 23. Rxc5 1/2-1/2

[Event "Festival Bozen"]
[Site "?"]
[Date "1996.??.??"]
[Round "?"]
[White "Rigo, Gianfrancesco"]
[Black "Astengo, Marcello"]
[Result "0-1"]
[WhiteElo "2060"]
[BlackElo "2095"]
[PlyCount "76"]
[EventDate "1996.??.??"]
[Source "ChessBase"]
[SourceDate "1999.11.18"]

1. e4 e6 2. d4 d5 3. Nc3 Bb4 4. e5 c5 5. a3 Bxc3+ 6. bxc3 Qa5 7. Bd2 Ne7 8. Bd3
Nbc6 9. Nf3 Bd7 10. O-O Nf5 11. Bxf5 exf5 12. c4 Qa4 13. e6 fxe6 14. cxd5 Nxd4
15. Nxd4 Qxd4 16. dxe6 Bxe6 17. Re1 O-O-O 18. Rxe6 Qxd2 19. Qf3 Rd7 20. Qxf5 b6
21. h3 g6 22. Qg4 Qd4 23. Qxd4 Rxd4 24. Re7 Rd7 25. Rae1 Rhd8 26. Kf1 Kc7 27.
R1e3 Kc6 28. R3e6+ Kb5 29. Ke2 Kc4 30. Re3 a5 31. R7e4+ Rd4 32. Re6 b5 33. Ra6
a4 34. Rc6 Rd2+ 35. Ke1 Rxc2 36. Re7 Kb3 37. Re3+ Kb2 38. Rb6 Kc1 0-1

[Event "Festival Bozen"]
[Site "?"]
[Date "1996.??.??"]
[Round "?"]
[White "Ruzzier, Dario"]
[Black "De Eccher, Stefano"]
[Result "0-1"]
[WhiteElo "2185"]
[BlackElo "2210"]
[PlyCount "80"]
[EventDate "1996.??.??"]
[Source "ChessBase"]
[SourceDate "1999.11.18"]

1. d4 f5 2. c4 Nf6 3. g3 g6 4. Bg2 Bg7 5. Nf3 O-O 6. O-O d6 7. Nc3 Qe8 8. b3
Nc6 9. Ba3 Ne4 10. Rc1 Nxc3 11. Rxc3 h6 12. Qd3 g5 13. Re1 g4 14. Nh4 Nxd4 15.
e4 Qf7 16. exf5 Nxf5 17. Rc2 Nxh4 18. gxh4 c6 19. Rce2 Bf6 20. h5 Bh4 21. Kh1
Bf5 22. Be4 Rad8 23. Bc1 Qxh5 24. Bxf5 Qxf5 25. Qxf5 Rxf5 26. Bxh6 Kf7 27. Rg1
Rg8 28. Re4 Rh8 29. Be3 Bxf2 30. Rgxg4 Bxe3 31. Rxe3 Rf2 32. h4 Rxa2 33. Rf3+
Ke8 34. Rh3 Rf2 35. h5 Rf6 36. Kg2 Rhf8 37. h6 Rf2+ 38. Kg1 Rf1+ 39. Kg2 R8f2+
40. Kg3 Rf3+ 0-1

[Event "Festival Bozen"]
[Site "?"]
[Date "1996.??.??"]
[Round "?"]
[White "Dinser, Hans"]
[Black "Luciani, Valerio"]
[Result "1/2-1/2"]
[WhiteElo "1910"]
[BlackElo "2155"]
[PlyCount "84"]
[EventDate "1996.??.??"]
[Source "ChessBase"]
[SourceDate "1999.11.18"]

1. d4 f5 2. e4 fxe4 3. Nc3 Nf6 4. Bg5 Nc6 5. d5 Ne5 6. Bxf6 exf6 7. Nxe4 d6 8.
Nf3 Nxf3+ 9. Qxf3 f5 10. Nc3 g6 11. Bb5+ Bd7 12. O-O Be7 13. Rfe1 O-O 14. Bxd7
Qxd7 15. Re6 Rae8 16. Rae1 Bf6 17. g3 Be5 18. Rxe8 Rxe8 19. Kg2 Rf8 20. h3 Qg7
21. h4 a6 22. Ne2 Qf6 23. c3 f4 24. gxf4 Bxf4 25. Qxf4 Qxf4 26. Nxf4 Rxf4 27.
Kg3 Rf7 28. f4 Kf8 29. Kf3 Re7 30. Re4 Rxe4 31. Kxe4 Kf7 32. f5 Kf6 33. fxg6
Kxg6 34. Kf4 Kf6 35. c4 a5 36. a4 Kg6 37. Kg4 Kh6 38. h5 Kg7 39. Kg5 h6+ 40.
Kg4 Kf6 41. Kf4 Ke7 42. Kf5 Kf7 1/2-1/2

[Event "Festival Bozen"]
[Site "?"]
[Date "1996.??.??"]
[Round "?"]
[White "Mrdja, Milan"]
[Black "Oberrauch, Martin"]
[Result "1-0"]
[WhiteElo "2450"]
[BlackElo "2170"]
[PlyCount "100"]
[EventDate "1996.??.??"]
[Source "ChessBase"]
[SourceDate "1999.11.18"]

1. e4 Nf6 2. e5 Nd5 3. d4 d6 4. Nf3 Bg4 5. Be2 Nc6 6. c4 Nb6 7. exd6 cxd6 8. d5
Bxf3 9. Bxf3 Ne5 10. Be2 Rc8 11. b3 g6 12. Nc3 Bg7 13. Bb2 O-O 14. O-O e6 15.
f4 Nbxc4 16. Bxc4 Nxc4 17. bxc4 Qb6+ 18. Rf2 Bd4 19. Qe2 Bxf2+ 20. Qxf2 Qxf2+
21. Kxf2 Rxc4 22. Ke3 Re8 23. g3 exd5+ 24. Kd3 Rc5 25. a4 f5 26. Ba3 Rc6 27.
Nxd5 Kf7 28. Rb1 b6 29. Bb4 Re4 30. a5 Rcc4 31. Bc3 Rc5 32. Ne3 Rxa5 33. Nc2
Rc5 34. Nd4 Rc7 35. Nb5 Rd7 36. Bd4 Re8 37. Ra1 Ree7 38. Kc4 d5+ 39. Kd3 h6 40.
Be5 g5 41. Kd4 Rd8 42. h4 gxh4 43. gxh4 Rg8 44. Kxd5 Rg2 45. Nd6+ Kg6 46. h5+
Kxh5 47. Nxf5 Rd2+ 48. Ke4 Re2+ 49. Ne3 Kg6 50. Kf3 Rd2 1-0